Principios básicos del reportaje televisivo
Saved in:
| Hovedforfatter: | |
|---|---|
| Format: | Bog |
| Sprog: | spansk |
| Udgivet: |
Madrid
Instituto Oficial de RadioTelevisión Española
1991
|
| Serier: | Manuales Profesionales
|
| Fag: | |
| Tags: |
Tilføj Tag
Ingen Tags, Vær først til at tagge denne postø!
|
MARC
| LEADER | 00000nam a2200000 a 4500 | ||
|---|---|---|---|
| 001 | UCL4335 | ||
| 003 | CL-VaPUC | ||
| 008 | 040109e19910000sp |||||||||||||||||spa|d | ||
| 020 | |a 8486984661 | ||
| 082 | 0 | 4 | |a 070.195 |b YOR |2 21 |
| 100 | 0 | |a Yorke, Ivor |e author |9 481846 | |
| 245 | 1 | 0 | |a Principios básicos del reportaje televisivo |
| 300 | |a 166 p | ||
| 942 | |c BK | ||
| 945 | |d 20040109 00:00:00 |a cmena | ||
| 260 | |a Madrid |b Instituto Oficial de RadioTelevisión Española |c 1991 | ||
| 650 | 0 | |a Programas de televisión |9 335092 | |
| 650 | 7 | |a REPORTAJES |2 CL-VaPUC |9 379680 | |
| 650 | 0 | |a Periodismo |9 310113 | |
| 583 | |a last modification |c 20171114 04:30:52 |k Rodrigo Vera | ||
| 490 | 0 | |a Manuales Profesionales | |
| 999 | |c 307209 |d 307207 | ||
| 952 | |0 0 |1 0 |4 0 |6 070_195000000000000_YOR_1991 |7 0 |8 A |9 372961 |a BIBCUR |b BIBCUR |d 2019-11-21 |i 397829K |o 070.195 YOR 1991 |p 397829K |r 2025-04-22 |w 2019-11-21 |y BK |k PER | ||